| 000 | 00398 a2200169 4500 | ||
|---|---|---|---|
| 001 | 68999 | ||
| 020 | _a8576662523 | ||
| 040 | _cAnchieta - Itaigara | ||
| 100 | _aVillela, Bia | ||
| 240 | 1 | 0 |
_aEra uma vez uma carta amarela... _lpor |
| 245 | 1 | 0 | _aEra uma vez uma carta amarela... |
| 300 | _a23 | ||
| 362 | 0 | _a2005 | |
| 440 | 1 | _aEscala Educacional | |
| 650 | 4 | _aLiteratura infantil | |
| 942 | _cBK | ||
| 999 |
_c68999 _d68999 |
||